| 000 | 01144cam a2200241 4500 | ||
|---|---|---|---|
| 001 | WB4015-12 | ||
| 008 | 040422n2004 000 0 eng u | ||
| 035 | _a(Sirsi) u125909 | ||
| 245 | _aOnline contaminated land exposure website | ||
| 260 | _c2004 | ||
| 490 |
_aRICS Environment Faculty News _v 19 April 2004 (1) |
||
| 520 | _aThe Environment Agency has published its new Contaminated Land Exposure Assessment (CLEA) website. The site provides the latest information on the updates to the Agency's CLEA model and a timetable for the publication of toxicological and soil guideline value reports. RICS press release http://www.rics.org/ricscms/bin/show?class=News&te mplate=/includes/shownews.html&id=8746&faculty=Env ironment&faculty=All Faculties. CLEA website http://www.environment-agency.gov.uk/subjects/land quality/113813/672771/?version=1&lang=_e. | ||
| 590 | _aWB | ||
| 590 | _aWB | ||
| 650 | _aCONTAMINATED LAND EXPOSURE ASSESSMENT | ||
| 650 | _aCONTAMINATED LAND | ||
| 650 | _aSOIL GUIDELINE VALUES | ||
| 650 | _aSOIL | ||
| 650 | _aCLEA | ||
| 650 | _aINTERNET | ||
| 690 | _aENVIRONMENT-CONTAMINATION | ||
| 942 | _n0 | ||
| 999 |
_c117231 _d117231 |
||